书目信息 |
| 题名: |
室内设计奥斯卡奖
|
|
| 作者: | 沃勒 著 | |
| 分册: | ||
| 出版信息: | 北京 中信出版社 2011.10 |
|
| 页数: | 493页 | |
| 开本: | 11.92cm | |
| 丛书名: | ||
| 单 册: | ||
| 中图分类: | TU244.1-62 | |
| 科图分类: | ||
| 主题词: | 民用建筑--建筑设计 | |
| 电子资源: | ||
| ISBN: | 978-988-15-3994-6 | |
| 000 | 00718nam0 2200205 450 | |
| 001 | 1253889824 | |
| 005 | 20120225150158.51 | |
| 010 | @a978-988-15-3994-6@dCNY980.00 | |
| 100 | @a20120225d2011 km y0chiy0120 ea | |
| 101 | 0 | @achi |
| 102 | @aCN@b110000 | |
| 200 | 1 | @a室内设计奥斯卡奖@Ashi nei she ji ao si ka jiang@e安德鲁·马丁国际室内设计年度大奖@f沃勒著@Fwo le zhu |
| 210 | @a北京@c中信出版社@d2011.10 | |
| 215 | @a493页@d11.92cm | |
| 517 | 1 | @a安德鲁·马丁国际室内设计年度大奖@Aan de lu·ma ding guo ji shi nei she ji nian du da jiang |
| 606 | 0 | @a民用建筑@x建筑设计 |
| 690 | @aTU244.1-62@v4 | |
| 701 | 0 | @a沃勒@Awo le@4著 |
| 801 | 0 | @aCN@b大连网信软件有限公司图书馆·11@c20120225 |
| 905 | @aZUCC@dTU244.1-62@eW705 | |
| 室内设计奥斯卡奖:安德鲁·马丁国际室内设计年度大奖/沃勒著.-北京:中信出版社,2011.10 |
| 493页;11.92cm |
| ISBN 978-988-15-3994-6:CNY980.00 |
| ● |
| 相关链接 |
|
|
|
正题名:室内设计奥斯卡奖
索取号:TU244.1-62/W705
 
预约/预借
| 序号 | 登录号 | 条形码 | 馆藏地/架位号 | 状态 | 备注 |
| 1 | 484101 | 204841010 | 建筑库101/101建筑库 101排1列1层/ [索取号:TU244.1-62/W705] | 在馆 |